00508nam a2200205Ia 4500008004100000020001800041050001400059100002000073245002700093245001500120245002300135260001500158260001600173260000900189300001600198300002000214300001000234440004900244500000900293170918s9999 xx 000 0 und d a9780439339056 bA138 2003 aAbeel, Samantha aMy thirteenth winter : ba memoir / cby Samantha Abeel. aNew York : bScholastic, c2003 a203 pages : billustrations ; c19cm. vSometimes a challenge can be an inspiration. a1050